THE BABYSITTERS CLUB (Record no. 467)
[ view plain ]
| 000 -LEADER | |
|---|---|
| fixed length control field | 00473nam a22001457a 4500 |
| 020 ## - INTERNATIONAL STANDARD BOOK NUMBER | |
| ISBN | 0-590-25161-9 |
| 082 ## - DEWEY DECIMAL CLASSIFICATION NUMBER | |
| Classification number | 823 |
| Item number | MAR/K |
| 100 ## - MAIN ENTRY--AUTHOR NAME | |
| Personal name | ANN.M.MARTIN |
| 245 ## - TITLE STATEMENT | |
| Title | THE BABYSITTERS CLUB |
| Remainder of title | KRISTY'S BIG DAY |
| 260 ## - PUBLICATION, DISTRIBUTION, ETC. (IMPRINT) | |
| Place of publication | USA |
| Name of publisher | SCHOLASTIC INC |
| Year of publication | 1987 |
| 300 ## - PHYSICAL DESCRIPTION | |
| Number of Pages | 153 |
| 520 ## - SUMMARY, ETC. | |
| Summary, etc | KRISTY'S MOM IS GETTING MARRIED AND KRISTY'S A BRIDESMAID. THE CRAZY WAY TO HAVE A WEDDING. BUT ITS A GREAT WAY TO HAVE A LOT OF FUN! |
| 650 ## - SUBJECT ADDED ENTRY--TOPICAL TERM | |
| Topical Term | THE BEST FRIENDS YOU'LL EVER HAVE |
| 942 ## - ADDED ENTRY ELEMENTS (KOHA) | |
| Koha item type | Books |
| Withdrawn status | Lost status | Collection code | Home library | Current library | Shelving location | Date acquired | Source of acquisition | Full call number | Accession Number | Koha item type |
|---|---|---|---|---|---|---|---|---|---|---|
| Fiction | Main Library | Main Library | On Display | 17/10/2011 | purchase | 823 MAR/K | 05649 | Books |